000
00322nam a2200133Ia 4500
005
20251222153538.0
008
251222s9999||||xx |||||||||||||| ||spa||
020
_a
8471413213
082
_a
200/C76
245
0
_a
Congreso Iglesia y Salud
250
_a
1ra. ed.
264
_b
Conferencia Episcopal EspaƱola
942
_c
LIB
999
_c
30369
_d
30369